000 00541nam a2200157Ia 4500
008 190805s9999||||xx |||||||||||||| ||und||
020 _a9780953437931
_c£ 21.00
082 0 4 _a623.8171
_bR3466
100 1 _aRhodes, Martin A.
245 1 0 _aShip stability for Mates/ Masters /
_cMartin A. Rhodes
260 _aScotland :
_bWitherby Seamanship International Ltd,
_c2012, reprinted 2015
300 _axvi, 557 p.
_b : col. Ill.
_c; 24 cm.
650 0 _aStability of ships
_xExaminations
_vStudy guides.
942 _cBK
999 _c108
_d108